The future of India: (Record no. 25228)

MARC details
000 -LEADER
fixed length control field 01744 a2200277 4500
005 - DATE AND TIME OF LATEST TRANSACTION
control field 20090314112010.0
010 ## - LCCN (DPL NO)
LC control number B-274663-666 G-002139
020 ## - INTERNATIONAL STANDARD BOOK NUMBER
Terms of availability 250.00
International Standard Book Number 0143062123
020 ## - INTERNATIONAL STANDARD BOOK NUMBER
Terms of availability 250.00
International Standard Book Number 9780143062127
035 ## - SYSTEM CONTROL NUMBER
System control number B-274663-666 G-002139
037 ## - SOURCE OF ACQUISITION
Source of stock number/acquisition UBH
082 ## - DEWEY DECIMAL CLASSIFICATION NUMBER
Classification number 320.954
100 ## - MAIN ENTRY--PERSONAL NAME
Personal name Jalan, Bimal
245 ## - TITLE STATEMENT
Title The future of India:
Statement of responsibility, etc by Bimal Jalan
Remainder of title politics, economics and governance /
260 ## - PUBLICATION, DISTRIBUTION, ETC. (IMPRINT)
Place of publication, distribution, etc New Delhi
Name of publisher, distributor, etc Penguin Books India
Date of publication, distribution, etc 2006
270 ## - ADDRESS
City New Delhi
State or province Delhi
Address 11, Community Centre, Panchsheel Park, New Delhi
Postal code 110017
300 ## - PHYSICAL DESCRIPTION
Extent xvii, 212p
Dimensions 22cm(pbk)
942 ## - ADDED ENTRY ELEMENTS (KOHA)
Institution code [OBSOLETE] dpl
Item type English Books
Source of classification or shelving scheme Dewey Decimal Classification
Classification part 320.954
Call number suffix JAL
Holdings
Withdrawn status Lost status Not for loan Collection code Home library Current library Date acquired Source of acquisition Cost, normal purchase price Full call number Barcode Copy number Cost, replacement price Koha item type
      Non-fiction Central Library Central Library 14/03/2009 UBH/058/6.6.08/124/30.10.07/20.6.08 250.00 320.954 JAL B-274663 1 250.00 English Books
      Non-fiction Patel Nagar Patel Nagar 14/03/2009 UBH/058/6.6.08/124/30.10.07/20.6.08 250.00 320.954 JAL B-274664 1 250.00 English Books
      Non-fiction Qila Rai Pithora Qila Rai Pithora 14/03/2009 UBH/058/6.6.08/124/30.10.07/20.6.08 250.00 320.954 JAL B-274666 1 250.00 English Books
      Non-fiction Sarojini Nagar Sarojini Nagar 14/03/2009 UBH/058/6.6.08/124/30.10.07/20.6.08 250.00 320.954 JAL B-274665 1 250.00 English Books
      Non-fiction Vinoba Puri Vinoba Puri 04/09/2012 Gift 250.00 320.954 JAL G-002139 1 250.00 English Books

© Delhi Public Library
Hit Counter
free hit counter